[Event "GBR-ch84"]
[Site "Hove"]
[Date "1997.08.11"]
[Round "7"]
[White "Houska, Miroslav"]
[Black "Gallagher, Joseph G"]
[Result "0-1"]
[WhiteElo "2360"]
[BlackElo "2525"]
[PlyCount "122"]
[EventDate "1997.08.04"]
[EventType "swiss"]
[EventRounds "11"]
[EventCountry "GBR"]
[SourceTitle "BritBase"]
[Source "John Saunders"]
[SourceDate "2024.07.04"]
[SourceVersion "1"]
[SourceVersionDate "2024.07.04"]
[SourceQuality "1"]

1. d4 Nf6 2. Nf3 g6 3. Bg5 Bg7 4. Nbd2 O-O 5. c3 d6 6. e4 c5 7. dxc5 dxc5 8.
Be2 Nc6 9. O-O Qc7 10. Qc2 h6 11. Bh4 Nh5 12. Rfe1 Be6 13. Nc4 Bxc4 14. Bxc4
Ne5 15. Be2 Nf4 16. Nxe5 Bxe5 17. Bg3 a6 18. Bxf4 Bxf4 19. g3 Bd6 20. f4 e6 21.
e5 Be7 22. Bf3 c4 23. Kg2 Rad8 24. Rad1 b5 25. Rxd8 Rxd8 26. Rd1 Rb8 27. a3 a5
28. Rd4 Bc5 29. Rd2 Bb6 30. Rd1 Bc5 31. Rd2 Kg7 32. Qe4 Rd8 33. Qe2 Ba7 34. Qd1
Rxd2+ 35. Qxd2 Qc5 36. Be4 Bb6 37. Qe1 g5 38. Bf3 b4 39. axb4 axb4 40. Bh5 Qd5+
41. Bf3 Qc5 42. Bh5 gxf4 43. gxf4 Kf8 44. Kh3 Qd5 45. Qd1 Be3 46. Kg3 Bd2 47.
Qc2 Be1+ 48. Kh3 Qd8 49. Kg2 Qh4 50. Qe2 bxc3 51. bxc3 Qxf4 52. Bxf7 Kxf7 53.
Qxe1 Kg6 54. Qb1+ Kg5 55. Qb4 Kg4 56. Qd6 Kf5 57. Qf8+ Ke4 58. Qc8 Ke3 59. Qc5+
Ke2 60. h3 Qf3+ 61. Kh2 Qf2+ 0-1

[Event "GBR-ch84"]
[Site "Hove"]
[Date "1997.08.11"]
[Round "7"]
[White "Mestel, A Jonathan"]
[Black "Knott, Simon John Bradley"]
[Result "1-0"]
[WhiteElo "2500"]
[BlackElo "2370"]
[PlyCount "87"]
[EventDate "1997.08.04"]
[EventType "swiss"]
[EventRounds "11"]
[EventCountry "GBR"]
[SourceTitle "BritBase"]
[Source "John Saunders"]
[SourceDate "2024.07.04"]
[SourceVersion "1"]
[SourceVersionDate "2024.07.04"]
[SourceQuality "1"]

1. c4 Nf6 2. Nc3 d5 3. cxd5 Nxd5 4. g3 g6 5. Bg2 Nxc3 6. bxc3 Bg7 7. Rb1 Nc6 8.
Nf3 O-O 9. O-O b6 10. d3 Bb7 11. Bf4 Rb8 12. Qa4 e5 13. Bg5 Qe8 14. Qh4 f6 15.
Be3 Rf7 16. Nd2 Ne7 17. Bxb7 Rxb7 18. Qe4 Qc6 19. a4 f5 20. Qxc6 Nxc6 21. f3
Rb8 22. Rfc1 a6 23. Rc2 Re8 24. Kg2 Rfe7 25. Nc4 e4 26. fxe4 fxe4 27. d4 Rd7
28. Bf4 Ne7 29. Ne3 h6 30. h4 Kh7 31. g4 h5 32. g5 Nf5 33. Nxf5 gxf5 34. e3 Re6
35. c4 Rc6 36. Rbc1 Bf8 37. Be5 Ba3 38. Ra1 Bf8 39. a5 b5 40. Rac1 bxc4 41.
Rxc4 Rxc4 42. Rxc4 Bd6 43. Bxd6 cxd6 44. Kg3 1-0

[Event "GBR-ch84"]
[Site "Hove"]
[Date "1997.08.11"]
[Round "7"]
[White "Parker, Jonathan F"]
[Black "Mortazavi, Ali"]
[Result "1-0"]
[WhiteElo "2510"]
[BlackElo "2390"]
[PlyCount "85"]
[EventDate "1997.08.04"]
[EventType "swiss"]
[EventRounds "11"]
[EventCountry "GBR"]
[SourceTitle "BritBase"]
[Source "John Saunders"]
[SourceDate "2024.07.04"]
[SourceVersion "1"]
[SourceVersionDate "2024.07.04"]
[SourceQuality "1"]

1. d4 Nf6 2. c4 g6 3. Nc3 Bg7 4. e4 O-O 5. h3 d6 6. Bg5 a5 7. Qd2 a4 8. Rc1
Nbd7 9. Bd3 e5 10. d5 Nc5 11. Bb1 c6 12. Nge2 Qa5 13. Ng3 cxd5 14. exd5 Bd7 15.
O-O Ra6 16. f4 b5 17. fxe5 dxe5 18. Nxb5 Qxd2 19. Bxd2 Rb8 20. Be3 Rc8 21. Nc3
Bf8 22. Nge4 Nfxe4 23. Nxe4 f5 24. Nxc5 Bxc5 25. Bxc5 Rxc5 26. b4 axb3 27. axb3
Rb6 28. Bc2 Kf7 29. Kf2 f4 30. Ke2 Bf5 31. Kd2 Kf6 32. Kc3 g5 33. b4 Rc8 34.
Bxf5 Kxf5 35. c5 e4 36. Rfd1 e3 37. d6 Rbc6 38. Kd4 Ra6 39. b5 Ra5 40. d7 Rd8
41. c6 Rxb5 42. Rc5+ Rxc5 43. Kxc5 1-0

[Event "GBR-ch84"]
[Site "Hove"]
[Date "1997.08.11"]
[Round "7"]
[White "Rudd, Jack"]
[Black "Ledger, Stephen C"]
[Result "0-1"]
[WhiteElo "2170"]
[BlackElo "2230"]
[PlyCount "64"]
[EventDate "1997.08.04"]
[EventType "swiss"]
[EventRounds "11"]
[EventCountry "GBR"]
[SourceTitle "BritBase"]
[Source "John Saunders"]
[SourceDate "2024.07.04"]
[SourceVersion "1"]
[SourceVersionDate "2024.07.04"]
[SourceQuality "1"]

1. d4 Nf6 2. c4 c5 3. d5 b5 4. cxb5 a6 5. Nc3 axb5 6. e4 b4 7. Nb5 d6 8. Bf4 g5
9. e5 gxf4 10. exf6 Nd7 11. fxe7 Qxe7+ 12. Be2 Ne5 13. Nf3 Nxf3+ 14. gxf3 Bg7
15. Qd2 Be5 16. Rg1 Bf5 17. a4 Bg6 18. h4 h5 19. Kf1 Rc8 20. Bd3 Rg8 21. Bf5
Bxf5 22. Rxg8+ Kd7 23. Rg5 Bh3+ 24. Kg1 f6 25. Kh2 fxg5 26. Kxh3 g4+ 27. fxg4
hxg4+ 28. Kxg4 Rg8+ 29. Kf3 Qxh4 30. Ke2 f3+ 31. Kd3 c4+ 32. Kc2 b3+ 0-1

[Event "GBR-ch84"]
[Site "Hove"]
[Date "1997.08.11"]
[Round "7"]
[White "Sheldon, Ruth"]
[Black "Sedgwick, David R"]
[Result "1/2-1/2"]
[WhiteElo "2295"]
[BlackElo "2125"]
[PlyCount "21"]
[EventDate "1997.08.04"]
[EventType "swiss"]
[EventRounds "11"]
[EventCountry "GBR"]
[SourceTitle "BritBase"]
[Source "John Saunders"]
[SourceDate "2024.07.04"]
[SourceVersion "1"]
[SourceVersionDate "2024.07.04"]
[SourceQuality "1"]

1. d4 d5 2. c4 e5 3. dxe5 d4 4. Nf3 Nc6 5. Nbd2 Be6 6. Nb3 Bb4+ 7. Bd2 Qe7 8.
a3 Bxd2+ 9. Qxd2 Bxc4 10. Nbxd4 Nxe5 11. Nxe5 1/2-1/2

[Event "GBR-ch84"]
[Site "Hove"]
[Date "1997.08.11"]
[Round "7"]
[White "Thurlow, Kevin J"]
[Black "Plaskett, H James"]
[Result "0-1"]
[WhiteElo "2205"]
[BlackElo "2450"]
[PlyCount "40"]
[EventDate "1997.08.04"]
[EventType "swiss"]
[EventRounds "11"]
[EventCountry "GBR"]
[SourceTitle "BritBase"]
[Source "John Saunders"]
[SourceDate "2024.07.04"]
[SourceVersion "1"]
[SourceVersionDate "2024.07.04"]
[SourceQuality "1"]

1. c4 e5 2. Nc3 Nf6 3. Nf3 Nc6 4. e3 Bb4 5. Qc2 Bxc3 6. Qxc3 Qe7 7. Be2 O-O 8.
O-O Re8 9. b3 d5 10. d3 Bf5 11. Bb2 d4 12. Qd2 dxe3 13. fxe3 Bg6 14. Rae1 Rad8
15. Qc3 e4 16. Nh4 exd3 17. Nxg6 Qxe3+ 18. Kh1 dxe2 19. Rxf6 Qxc3 20. Bxc3 gxf6
0-1

[Event "GBR-ch84"]
[Site "Hove"]
[Date "1997.08.11"]
[Round "7"]
[White "Turner, Matthew J"]
[Black "Conquest, Stuart C"]
[Result "1-0"]
[WhiteElo "2445"]
[BlackElo "2500"]
[PlyCount "79"]
[EventDate "1997.08.04"]
[EventType "swiss"]
[EventRounds "11"]
[EventCountry "GBR"]
[SourceTitle "BritBase"]
[Source "John Saunders"]
[SourceDate "2024.07.04"]
[SourceVersion "1"]
[SourceVersionDate "2024.07.04"]
[SourceQuality "1"]

1. e4 e6 2. d3 d5 3. Nd2 Nf6 4. Ngf3 b6 5. e5 Nfd7 6. d4 c5 7. c3 Be7 8. Bb5 a5
9. O-O Ba6 10. a4 Qc8 11. c4 Nc6 12. cxd5 exd5 13. dxc5 bxc5 14. Nb3 Nb4 15.
Bd2 O-O 16. Nxa5 c4 17. Bxb4 Bxb4 18. Nc6 Bxb5 19. Nxb4 Bc6 20. b3 Nc5 21. Rc1
Rd8 22. Nd4 Bb7 23. bxc4 Rxa4 24. Nxd5 Qb8 25. Nf5 Ra6 26. Qg4 Ne6 27. Rb1 Qa7
28. Nf6+ Kh8 29. Qh4 h6 30. Nxh6 gxf6 31. Nxf7+ Kg8 32. Nh6+ Kh7 33. Ng4+ Kg8
34. Nxf6+ Kf7 35. Qh5+ Kf8 36. Qh8+ Kf7 37. Qh5+ Kf8 38. Rbd1 Bc6 39. Qh8+ Kf7
40. Rxd8 1-0

[Event "GBR-ch84"]
[Site "Hove"]
[Date "1997.08.11"]
[Round "7"]
[White "McDonald, Neil R"]
[Black "Cobb, Charles A"]
[Result "0-1"]
[WhiteElo "2490"]
[BlackElo "2290"]
[PlyCount "88"]
[EventDate "1997.08.04"]
[EventType "swiss"]
[EventRounds "11"]
[EventCountry "GBR"]
[SourceTitle "BritBase"]
[Source "John Saunders"]
[SourceDate "2024.07.04"]
[SourceVersion "1"]
[SourceVersionDate "2024.07.04"]
[SourceQuality "1"]

1. d4 e6 2. e4 d5 3. Nc3 Nf6 4. Bg5 Be7 5. e5 Nfd7 6. Bxe7 Qxe7 7. f4 O-O 8.
Nf3 c5 9. Qd2 Nc6 10. O-O-O Nb6 11. h4 Bd7 12. h5 cxd4 13. Nxd4 Rac8 14. Rh3 f5
15. Ncb5 Nxd4 16. Nxd4 Na4 17. Ra3 a6 18. g4 fxg4 19. Be2 b5 20. Bxg4 Rc4 21.
Rg1 Nc5 22. Rf3 Ne4 23. Qe3 Qc5 24. Bxe6+ Bxe6 25. Nxe6 Rxc2+ 26. Kb1 Qxe3 27.
Rxe3 Rfc8 28. a3 Nd2+ 29. Ka1 Rc1+ 30. Rxc1 Rxc1+ 31. Ka2 g6 32. Rd3 Nc4 33.
Rxd5 Rc2 34. Rd7 gxh5 35. Rg7+ Kh8 36. Re7 h6 37. Nf8 Rxb2+ 38. Ka1 Re2 39. e6
Kg8 40. Re8 Kg7 41. f5 Ne3 42. f6+ Kxf6 43. Rc8 h4 44. Rc3 Kg7 0-1

[Event "GBR-ch84"]
[Site "Hove"]
[Date "1997.08.11"]
[Round "7"]
[White "Kosten, Anthony C"]
[Black "Summerscale, Aaron P"]
[Result "1-0"]
[WhiteElo "2530"]
[BlackElo "2420"]
[PlyCount "57"]
[EventDate "1997.08.04"]
[EventType "swiss"]
[EventRounds "11"]
[EventCountry "GBR"]
[SourceTitle "BritBase"]
[Source "John Saunders"]
[SourceDate "2024.07.04"]
[SourceVersion "1"]
[SourceVersionDate "2024.07.04"]
[SourceQuality "1"]

1. c4 e5 2. Nc3 d6 3. g3 Nf6 4. Bg2 Be7 5. e4 c6 6. Nge2 a6 7. d4 Nbd7 8. O-O
O-O 9. f4 exd4 10. Nxd4 Nc5 11. b4 Bg4 12. Qd2 Ne6 13. Nc2 a5 14. bxa5 Nc5 15.
f5 Re8 16. Ne3 Rxa5 17. Qc2 Bf8 18. h3 Bxh3 19. Bxh3 Nfxe4 20. Ne2 d5 21. Rd1
Qf6 22. Rb1 Qh6 23. Bg2 Qg5 24. cxd5 Nxg3 25. Nxg3 Qxg3 26. dxc6 bxc6 27. Nf1
Qg4 28. Be3 h5 29. Rd4 1-0

[Event "GBR-ch84"]
[Site "Hove"]
[Date "1997.08.11"]
[Round "7"]
[White "Martin, Andrew D"]
[Black "Sadler, Matthew D"]
[Result "1/2-1/2"]
[WhiteElo "2425"]
[BlackElo "2665"]
[PlyCount "94"]
[EventDate "1997.08.04"]
[EventType "swiss"]
[EventRounds "11"]
[EventCountry "GBR"]
[SourceTitle "BritBase"]
[Source "John Saunders"]
[SourceDate "2024.07.04"]
[SourceVersion "1"]
[SourceVersionDate "2024.07.04"]
[SourceQuality "1"]

1. e4 c5 2. d3 Nc6 3. f4 d5 4. Be2 g6 5. Nf3 Nf6 6. e5 Ng4 7. h3 Nh6 8. c3 d4
9. Na3 Bg7 10. cxd4 cxd4 11. Nc2 a5 12. O-O f6 13. exf6 exf6 14. Qe1 O-O 15.
Qf2 Nf5 16. g4 Ne3 17. Nxe3 dxe3 18. Bxe3 f5 19. g5 Bxb2 20. Rab1 Bg7 21. d4
Be6 22. Rxb7 Rb8 23. Rxb8 Qxb8 24. a4 Qb3 25. Rc1 Qxa4 26. Bd1 Qb5 27. Rc5 Qb1
28. Qc2 Qxc2 29. Bxc2 Nb4 30. Ba4 Ra8 31. Ne5 Bf8 32. Rc1 Bd6 33. Bd2 Kg7 34.
h4 Bg8 35. Kh2 Rd8 36. Be1 Bd5 37. Kg3 Be4 38. Bb5 Rb8 39. Ba4 Nd5 40. Rc6 Bb4
41. Bxb4 Rxb4 42. Bc2 Bxc2 43. Rxc2 a4 44. Rc5 Rxd4 45. Ra5 Nxf4 46. Ra7+ Kh8
47. Ra8+ Kg7 1/2-1/2

[Event "GBR-ch84"]
[Site "Hove"]
[Date "1997.08.12"]
[Round "8"]
[White "Bisby, Daniel L"]
[Black "Botley, Gordon"]
[Result "1-0"]
[WhiteElo "2205"]
[BlackElo "2155"]
[PlyCount "33"]
[EventDate "1997.08.04"]
[EventType "swiss"]
[EventRounds "11"]
[EventCountry "GBR"]
[SourceTitle "BritBase"]
[Source "John Saunders"]
[SourceDate "2024.07.04"]
[SourceVersion "1"]
[SourceVersionDate "2024.07.04"]
[SourceQuality "1"]

1. Nf3 c5 2. c3 Nf6 3. d4 b6 4. Bf4 Bb7 5. e3 d6 6. Nbd2 g6 7. Bd3 Bg7 8. O-O
Nh5 9. Bg5 h6 10. Bh4 O-O 11. Re1 Qd7 12. h3 Nc6 13. Bc2 Rac8 14. Rc1 Nf6 15.
Ba4 cxd4 16. exd4 a6 17. Bxf6 1-0

[Event "GBR-ch84"]
[Site "Hove"]
[Date "1997.08.12"]
[Round "8"]
[White "Conquest, Stuart C"]
[Black "Hunt, Harriet V"]
[Result "1/2-1/2"]
[WhiteElo "2500"]
[BlackElo "2360"]
[PlyCount "75"]
[EventDate "1997.08.04"]
[EventType "swiss"]
[EventRounds "11"]
[EventCountry "GBR"]
[SourceTitle "BritBase"]
[Source "John Saunders"]
[SourceDate "2024.07.04"]
[SourceVersion "1"]
[SourceVersionDate "2024.07.04"]
[SourceQuality "1"]

1. Nf3 Nf6 2. g3 d5 3. Bg2 c6 4. d3 Bg4 5. Nbd2 Nbd7 6. h3 Bh5 7. O-O e5 8. e4
dxe4 9. dxe4 Bc5 10. Qe1 O-O 11. Nh4 Bg6 12. a4 a5 13. Nc4 Qc7 14. Bd2 b6 15.
Kh1 Rfe8 16. Rd1 Bf8 17. Nxg6 hxg6 18. f4 exf4 19. Bxf4 Qa7 20. e5 Nd5 21. Qf2
Bc5 22. Qf3 g5 23. Bxg5 Nxe5 24. Nxe5 Rxe5 25. h4 Rf8 26. Rde1 Rfe8 27. Rxe5
Rxe5 28. Qg4 Qc7 29. Be4 Ne3 30. Bxe3 Bxe3 31. Rd1 Bh6 32. Kg2 c5 33. c4 g6 34.
Bd5 Kh7 35. Qf3 Rf5 36. Qe2 Re5 37. Qf2 Rf5 38. Qe2 1/2-1/2

[Event "GBR-ch84"]
[Site "Hove"]
[Date "1997.08.12"]
[Round "8"]
[White "Emms, John M"]
[Black "Martin, Andrew D"]
[Result "1-0"]
[WhiteElo "2530"]
[BlackElo "2425"]
[PlyCount "99"]
[EventDate "1997.08.04"]
[EventType "swiss"]
[EventRounds "11"]
[EventCountry "GBR"]
[SourceTitle "BritBase"]
[Source "John Saunders"]
[SourceDate "2024.07.04"]
[SourceVersion "1"]
[SourceVersionDate "2024.07.04"]
[SourceQuality "1"]

1. e4 g6 2. d4 c6 3. Nf3 d6 4. Nc3 Bg7 5. Be3 b5 6. Bd3 Nd7 7. Qd2 Bb7 8. O-O
a6 9. a4 b4 10. Ne2 a5 11. c3 bxc3 12. bxc3 Ngf6 13. Rab1 Qc7 14. Bh6 O-O 15.
Bxg7 Kxg7 16. e5 Nd5 17. Ng3 dxe5 18. dxe5 f6 19. exf6+ exf6 20. Nd4 Nc5 21.
Ne4 Nxe4 22. Bxe4 Rae8 23. Rfe1 Bc8 24. g3 Rd8 25. Bg2 Rfe8 26. Rxe8 Rxe8 27.
Nxc6 Qxc6 28. Bxd5 Qxa4 29. c4 Qa3 30. Qd4 Qe7 31. h4 Rd8 32. Qc3 a4 33. Qa5
Bf5 34. Ra1 Bd7 35. Re1 Qf8 36. c5 Bf5 37. Bf3 Re8 38. Rc1 Be4 39. Bxe4 Rxe4
40. c6 Qc8 41. Qa7+ Kh6 42. c7 Kg7 43. Qc5 Re8 44. Qc6 Re7 45. Qd6 Rf7 46. Qd8
Rf8 47. Rd1 Re8 48. Qd7+ Kh6 49. Qxa4 Re7 50. Rc1 1-0

[Event "GBR-ch84"]
[Site "Hove"]
[Date "1997.08.12"]
[Round "8"]
[White "Ledger, Andrew J"]
[Black "Mestel, A Jonathan"]
[Result "1-0"]
[WhiteElo "2415"]
[BlackElo "2500"]
[PlyCount "137"]
[EventDate "1997.08.04"]
[EventType "swiss"]
[EventRounds "11"]
[EventCountry "GBR"]
[SourceTitle "BritBase"]
[Source "John Saunders"]
[SourceDate "2024.07.04"]
[SourceVersion "1"]
[SourceVersionDate "2024.07.04"]
[SourceQuality "1"]

1. e4 e5 2. Bc4 Nf6 3. d3 Nc6 4. Nc3 Bb4 5. Nge2 d5 6. exd5 Nxd5 7. O-O Nxc3 8.
bxc3 Be7 9. Ng3 Na5 10. Bb3 O-O 11. Qh5 Nxb3 12. axb3 Re8 13. Re1 Be6 14. Bb2
f6 15. d4 Bd6 16. Ne4 Bf7 17. Qf3 exd4 18. cxd4 Bb4 19. c3 Bf8 20. c4 c6 21.
Re3 Bg6 22. Rae1 Qa5 23. Bc3 Qb6 24. Nd2 Rxe3 25. fxe3 Re8 26. e4 c5 27. d5 Bd6
28. Qg4 Qc7 29. Nf3 a6 30. Kh1 Qb6 31. h4 Qxb3 32. h5 f5 33. Qh4 Be7 34. Qg3
Qxc3 35. hxg6 fxe4 36. Rxe4 Qc1+ 37. Re1 Qh6+ 38. Kg1 Qxg6 39. Qxg6 hxg6 40. d6
Kf8 41. dxe7+ Rxe7 42. Rb1 Ke8 43. Rb6 Kd8 44. Ng5 Kc7 45. Rxg6 a5 46. Ne6+ Kd6
47. Nd4+ Ke5 48. Nb5 Kf4 49. Kf2 Rd7 50. Ke2 a4 51. Re6 Kg3 52. Re5 Kxg2 53.
Rxc5 Kg3 54. Ke3 Kg4 55. Nc3 b6 56. Rb5 Rc7 57. Kd3 Rd7+ 58. Ke4 a3 59. Rxb6
Ra7 60. Rg6+ Kh5 61. Rg2 g5 62. c5 Kh4 63. Rh2+ Kg3 64. Ra2 g4 65. Ne2+ Kf2 66.
Kd5 Rd7+ 67. Ke6 Rd8 68. Ke7 Rc8 69. c6 1-0

[Event "GBR-ch84"]
[Site "Hove"]
[Date "1997.08.12"]
[Round "8"]
[White "Lee, Graham D"]
[Black "Arkell, Keith C"]
[Result "0-1"]
[WhiteElo "2350"]
[BlackElo "2480"]
[PlyCount "60"]
[EventDate "1997.08.04"]
[EventType "swiss"]
[EventRounds "11"]
[EventCountry "GBR"]
[SourceTitle "BritBase"]
[Source "John Saunders"]
[SourceDate "2024.07.04"]
[SourceVersion "1"]
[SourceVersionDate "2024.07.04"]
[SourceQuality "1"]

1. e4 c6 2. d4 d5 3. e5 c5 4. dxc5 Nc6 5. Bb5 e6 6. Be3 Nge7 7. Nf3 Nf5 8. Bd4
Nfxd4 9. Nxd4 Qc7 10. O-O Bxc5 11. Nf3 a6 12. Ba4 b5 13. Bb3 Nxe5 14. Bxd5
Nxf3+ 15. Bxf3 Bb7 16. Bxb7 Qxb7 17. Nc3 O-O 18. a4 b4 19. Ne2 Rfd8 20. Qc1 Rd7
21. Nf4 Rc8 22. Rd1 Bd4 23. Ne2 Be5 24. Rxd7 Qxd7 25. h3 h6 26. c3 bxc3 27.
Nxc3 Bxc3 28. bxc3 Qd3 29. Ra3 Rb8 30. c4 Rb1 0-1

[Event "GBR-ch84"]
[Site "Hove"]
[Date "1997.08.12"]
[Round "8"]
[White "Plaskett, H James"]
[Black "Williams, Simon Kim"]
[Result "1-0"]
[WhiteElo "2450"]
[BlackElo "2310"]
[PlyCount "127"]
[EventDate "1997.08.04"]
[EventType "swiss"]
[EventRounds "11"]
[EventCountry "GBR"]
[SourceTitle "BritBase"]
[Source "John Saunders"]
[SourceDate "2024.07.04"]
[SourceVersion "1"]
[SourceVersionDate "2024.07.04"]
[SourceQuality "1"]

1. d4 e6 2. c4 f5 3. g3 Nf6 4. Bg2 Be7 5. Nc3 O-O 6. Nf3 d6 7. O-O a5 8. Re1
Ne4 9. Qc2 Nc6 10. Nxe4 Nb4 11. Qb1 fxe4 12. Qxe4 e5 13. dxe5 Bf5 14. Qxb7 Rb8
15. Qa7 c5 16. exd6 Bxd6 17. Bg5 Qc8 18. Nh4 Bh3 19. Rad1 Nc6 20. Bd5+ Kh8 21.
Bxc6 Qxc6 22. Be7 Bxe7 23. Qxe7 Rfe8 24. Qg5 Rxb2 25. Rd8 Rb8 26. Red1 h6 27.
Qe7 Kh7 28. Qxe8 Qxe8 29. Rxe8 Rxe8 30. Rd2 Rb8 31. f4 Rb4 32. f5 Rxc4 33. Kf2
Bg4 34. Ke3 Kg8 35. Ng6 Kh7 36. Nf8+ Kg8 37. Ng6 Kh7 38. Ne5 Ra4 39. Nxg4 Rxg4
40. Rd7 Kg8 41. Rc7 Ra4 42. Rxc5 Rxa2 43. Rc7 a4 44. Ra7 a3 45. Kf3 Kf8 46. g4
Ra1 47. h3 Rh1 48. Kg2 Re1 49. Kf2 Ra1 50. h4 a2 51. Kg2 Ke8 52. g5 h5 53. Kf2
Rh1 54. Rxa2 Rxh4 55. Kf3 Rh1 56. Ra8+ Kf7 57. Kf4 h4 58. Ke4 Rb1 59. g6+ Ke7
60. Ra7+ Kf8 61. Ra8+ Ke7 62. Rg8 h3 63. Rxg7+ Kf8 64. Rh7 1-0

[Event "GBR-ch84"]
[Site "Hove"]
[Date "1997.08.12"]
[Round "8"]
[White "Rowson, Jonathan"]
[Black "Law, Andrew P"]
[Result "1-0"]
[WhiteElo "2490"]
[BlackElo "2330"]
[PlyCount "37"]
[EventDate "1997.08.04"]
[EventType "swiss"]
[EventRounds "11"]
[EventCountry "GBR"]
[SourceTitle "BritBase"]
[Source "John Saunders"]
[SourceDate "2024.07.04"]
[SourceVersion "1"]
[SourceVersionDate "2024.07.04"]
[SourceQuality "1"]

1. e4 e5 2. Nf3 Nc6 3. Bb5 a6 4. Ba4 Nf6 5. O-O Bc5 6. Bxc6 dxc6 7. d3 Qe7 8.
Nbd2 Bg4 9. Nc4 Nd7 10. Ne3 Bxe3 11. fxe3 O-O 12. Qe1 c5 13. b3 Nb8 14. Bb2 Nc6
15. Nxe5 Nxe5 16. Qg3 f6 17. Bxe5 fxe5 18. Qxg4 Rad8 19. Rf5 1-0

[Event "GBR-ch84"]
[Site "Hove"]
[Date "1997.08.12"]
[Round "8"]
[White "Rudd, Jack"]
[Black "Forbes, Cathy"]
[Result "0-1"]
[WhiteElo "2170"]
[BlackElo "2220"]
[PlyCount "60"]
[EventDate "1997.08.04"]
[EventType "swiss"]
[EventRounds "11"]
[EventCountry "GBR"]
[SourceTitle "BritBase"]
[Source "John Saunders"]
[SourceDate "2024.07.04"]
[SourceVersion "1"]
[SourceVersionDate "2024.07.04"]
[SourceQuality "1"]

1. d4 d5 2. c4 c6 3. Nf3 Bf5 4. Nc3 e6 5. Bf4 Nf6 6. Qb3 Qb6 7. c5 Qxb3 8. axb3
Na6 9. e3 Nb4 10. Ra4 Nd3+ 11. Bxd3 Bxd3 12. Ne5 Bf5 13. Ke2 Nh5 14. g4 Nxf4+
15. exf4 Bg6 16. Rha1 a6 17. Rb4 Ra7 18. Rb6 f6 19. Nxg6 hxg6 20. b4 Be7 21. b5
Bd8 22. bxc6 Bxb6 23. cxb6 Ra8 24. c7 Kd7 25. Ra5 Rxh2 26. f5 gxf5 27. gxf5 Re8
28. fxe6+ Rxe6+ 29. Kf3 Rxb6 30. Nxd5 Rb5 0-1

[Event "GBR-ch84"]
[Site "Hove"]
[Date "1997.08.12"]
[Round "8"]
[White "Sasikiran, Krishnan"]
[Black "Summerscale, Aaron P"]
[Result "1/2-1/2"]
[WhiteElo "2430"]
[BlackElo "2420"]
[PlyCount "68"]
[EventDate "1997.08.04"]
[EventType "swiss"]
[EventRounds "11"]
[EventCountry "GBR"]
[SourceTitle "BritBase"]
[Source "John Saunders"]
[SourceDate "2024.07.04"]
[SourceVersion "1"]
[SourceVersionDate "2024.07.04"]
[SourceQuality "1"]

1. d4 d5 2. c4 c6 3. Nc3 dxc4 4. e4 b5 5. a4 b4 6. Na2 Nf6 7. e5 Nd5 8. Bxc4 e6
9. Nf3 Be7 10. O-O Nd7 11. Bd2 a5 12. Nc1 Bb7 13. Nb3 O-O 14. Qe2 c5 15. Rfc1
cxd4 16. Bb5 Nb8 17. Nbxd4 Qb6 18. Rc4 Rc8 19. Rac1 Rxc4 20. Rxc4 Na6 21. Ng5
h6 22. Ne4 Nc5 23. Nxc5 Bxc5 24. Nb3 Bf8 25. Rg4 Kh8 26. Rg3 Ne7 27. Qh5 Nf5
28. Rd3 g6 29. Qh3 Rd8 30. Rxd8 Qxd8 31. Qd3 Qa8 32. Qh3 Qd8 33. Qd3 Qa8 34.
Qh3 Qd8 1/2-1/2

[Event "GBR-ch84"]
[Site "Hove"]
[Date "1997.08.12"]
[Round "8"]
[White "Smith, Andrew Philip"]
[Black "Thurlow, Kevin J"]
[Result "1-0"]
[WhiteElo "2255"]
[BlackElo "2205"]
[PlyCount "71"]
[EventDate "1997.08.04"]
[EventType "swiss"]
[EventRounds "11"]
[EventCountry "GBR"]
[SourceTitle "BritBase"]
[Source "John Saunders"]
[SourceDate "2024.07.04"]
[SourceVersion "1"]
[SourceVersionDate "2024.07.04"]
[SourceQuality "1"]

1. e4 Nc6 2. d4 d5 3. e5 Bf5 4. Nf3 e6 5. Be2 Be7 6. c3 f6 7. O-O fxe5 8. dxe5
Nh6 9. Bxh6 gxh6 10. Qb3 Rb8 11. Na3 Rg8 12. Kh1 Be4 13. Rae1 Bc5 14. Nb1 Qe7
15. Nbd2 Qg7 16. g3 Bf5 17. Nh4 Bh3 18. Bh5+ Ke7 19. Ng2 Bxg2+ 20. Kxg2 Qg5 21.
Qd1 Rbf8 22. Nb3 Bb6 23. Nd4 Nxd4 24. cxd4 Rf4 25. Kh1 Rxd4 26. Qf3 Rf8 27.
Qa3+ c5 28. Bd1 Qd2 29. Re2 Qg5 30. Bc2 Rd2 31. h4 Rxe2 32. hxg5 Rxc2 33. Qd3
Rcxf2 34. Rxf2 Rxf2 35. Qxh7+ Rf7 36. g6 1-0

[Event "GBR-ch84"]
[Site "Hove"]
[Date "1997.08.12"]
[Round "8"]
[White "Thompson, Ian D"]
[Black "Ledger, Stephen C"]
[Result "1-0"]
[WhiteElo "2260"]
[BlackElo "2230"]
[PlyCount "67"]
[EventDate "1997.08.04"]
[EventType "swiss"]
[EventRounds "11"]
[EventCountry "GBR"]
[SourceTitle "BritBase"]
[Source "John Saunders"]
[SourceDate "2024.07.04"]
[SourceVersion "1"]
[SourceVersionDate "2024.07.04"]
[SourceQuality "1"]

1. c4 e5 2. Nc3 Nc6 3. g3 g6 4. Bg2 Bg7 5. d3 d6 6. Rb1 Be6 7. b4 Qd7 8. b5 Nd8
9. Nd5 f5 10. e4 Nf6 11. Ne2 fxe4 12. dxe4 Nxd5 13. cxd5 Bh3 14. O-O h5 15. f3
Bxg2 16. Kxg2 Nf7 17. Rb3 b6 18. Qc2 g5 19. Qc6 Qxc6 20. dxc6 O-O 21. Nc3 a6
22. a4 axb5 23. axb5 Kh7 24. Nd5 Ra7 25. Ra3 Rxa3 26. Bxa3 Rc8 27. Bc1 Bh6 28.
Be3 Nd8 29. Ra1 Ne6 30. Ra7 Bg7 31. h4 gxh4 32. gxh4 Bh6 33. Bxb6 Rg8+ 34. Kf2
1-0